000 00639nam a2200205Ia 4500
999 _c41384
_d41384
001 8046
003 GE_BSU
005 20200117111018.0
008 181216s2012||||ge |||||||||||||| ||geo||
020 _a9789941936921
040 _cGE_BSU
041 _ageo
080 _a821.353.1-1 რ–93
100 _aრუსთაველი,შოთა
_96197
245 _aვეფხისტყაოსანი :
_bპოეზია /
_cშოთა, რუსთაველი.
264 _aთბილისი :
_bმერანი
_c2012
300 _a330 გვ.;
_b15 სმ.
653 _aპოეზია
942 _cBK
_2udc